| 000 | | | 06090cbm0a2200361#x 450 |
| 001 | | | 227c4bd5-a035-4321-8d71-b4ee207d70fc |
| 005 | | | 20241108105731.0 |
| 100 | ## | $a | 20241108j19441006k###0rusy50 ca |
| 101 | 0# | $a | rus |
| 102 | ## | $a | US |
| 122 | 0# | $a | d19441006## |
| 200 | 1# | $a | Шифртелеграмма посла СССР в США А. А. Громыко в НКИД СССР о ходе переговоров между США, Великобританией и Китаем |
| | $j | 6 октября 1944 г. |
| 251 | ## | $c | Документ |
| 300 | ## | $a | 1-й экз. рассылки |
| 461 | #0 | $1 | 2001 |
| | $a | Ф. 059 |
| | $1 | 251 |
| | $c | Фонд |
| | $1 | 852 |
| | $j | 059 |
| 462 | #0 | $1 | 2001 |
| | $a | Оп. 12. П. 34 |
| | $1 | 251 |
| | $c | Опись |
| | $1 | 852 |
| | $j | 12. П. 34 |
| 462 | #0 | $1 | 2001 |
| | $a | Д. 213 |
| | $v | Л. 203 |
| | $1 | 251 |
| | $c | Дело |
| | $1 | 852 |
| | $j | 213 |
| 601 | 01 | $2 | nlr_sh |
| | $3 | RU\NLR\AUTH\661367497 |
| | $a | СССР |
| | $b | Министерство иностранных дел |
| | $x | История |
| | $j | Документы и материалы |
| 601 | 01 | $2 | prlib_sh |
| | $3 | LIBNET\UAF\0000114281 |
| | $a | Конференция представителей СССР, США и Великобритании |
| | $f | 1944 |
| | $e | Думбартон-Окс, город; США |
| | $j | Документы и материалы |
| 605 | ## | $2 | prlib_sh |
| | $3 | LIBNET\UAF\0000088514 |
| | $a | Вторая мировая война в архивных документах (Комплекс оцифрованных архивных документов, кино- и фотоматериалов) |
| | $l | коллекция |
| 605 | ## | $2 | acquisition_Prlib |
| | $3 | DITM\AF\0000002775 |
| | $a | Власть |
| | $l | коллекция |
| 606 | 1# | $2 | nlr_sh |
| | $3 | RU\NLR\AUTH\661042768 |
| | $a | СССР |
| | $x | Внешняя политика |
| | $z | 1941 - 1945 |
| | $j | Документы и материалы |
| 607 | ## | $2 | nlr_sh |
| | $3 | RU\NLR\AUTH\661370969 |
| | $a | Соединенные Штаты Америки |
| | $x | Взаимоотношения |
| | $y | СССР |
| | $z | 1939 - 1945 |
| | $j | Документы и материалы |
| 607 | ## | $2 | nlr_sh |
| | $3 | RU\NLR\AUTH\661370972 |
| | $a | СССР |
| | $x | Взаимоотношения |
| | $y | Соединенные Штаты Америки |
| | $z | 1939 - 1945 |
| | $j | Документы и материалы |
| 686 | ## | $a | 63.3(2)622-64ю1 |
| | $2 | rubbk |
| | $v | LBC/M |
| 686 | ## | $a | 63.3(0)622-64ю1 |
| | $2 | rubbk |
| | $v | LBC/M |
| 686 | ## | $a | 63.3(2)622-64(7Сое)ю1 |
| | $2 | rubbk |
| | $v | LBC/M |
| 686 | ## | $a | 63.3(7Сое)622-64(2)ю1 |
| | $2 | rubbk |
| | $v | LBC/M |
| 801 | #0 | $a | RU |
| | $b | ПБ им. Б.Н. Ельцина |
| | $c | 20241108 |
| 801 | #1 | $a | RU |
| | $b | ПБ им. Б.Н. Ельцина |
| | $c | 20241108 |
| | $2 | rusmarc |
| 801 | #2 | $a | RU |
| | $b | ПБ им. Б.Н. Ельцина |
| | $c | 20241108 |
| | $2 | rusmarc |
| 850 | ## | $a | Архив внешней политики Российской Федерации |
| 852 | ## | $a | АВП РФ |
| | $j | Л. 203 |
| 035 | ## | $a | LIBNET\0001435289 |
| 937 | ## | $d | 194719050 |
| | $h | Федеральное архивное агентство |
| 856 | 4# | $u | http://readingroom.main.prlib.ru/item.aspx?id_node=n194719050&mode=full |